[Event "HUN-chT 0910"]
[Site "Hungary"]
[Date "2010.02.14"]
[Round "6"]
[White "Forintos, Gyozo Victor"]
[Black "Nagy, Ervin"]
[Result "1/2-1/2"]
[WhiteElo "2318"]
[BlackElo "2277"]
[PlyCount "98"]
[EventDate "2009.11.08"]
[EventType "team-tourn"]
[EventRounds "11"]
[EventCountry "HUN"]
[SourceTitle "EXT 2011"]
[Source "ChessBase"]
[SourceDate "2010.11.26"]
[SourceVersion "1"]
[SourceVersionDate "2010.11.26"]
[SourceQuality "1"]
[WhiteTeam "Penzugyor"]
[BlackTeam "Honved"]
[WhiteTeamCountry "HUN"]
[BlackTeamCountry "HUN"]

1. d4 Nf6 2. c4 e6 3. Nc3 Bb4 4. f3 c5 5. d5 Nh5 6. Nh3 f5 7. Bg5 Bxc3+ 8. bxc3 Qa5 9. Qb3 0-0 10. e3 Qc7 11. Be2 d6 12. f4 Nf6 13. Bxf6 Rxf6 14. 0-0 exd5 15. cxd5 Nd7 16. c4 Nf8 17. Rae1 Bd7 18. Bd3 Re8 19. e4 fxe4 20. Rxe4 Rxe4 21. Bxe4 Qc8 22. Ng5 h6 23. Ne6 Nxe6 24. dxe6 Bxe6 25. Bxb7 Qf8 26. g3 Qf7 27. Rc1 g5 28. fxg5 hxg5 29. Bg2 Kg7 30. Qd3 Bf5 31. Qe3 Qg6 32. Qc3 Kf7 33. Qa3 Be4 34. Qxa7+ Kg8 35. Qb8+ Rf8 36. Qb2 Bxg2 37. Qxg2 Qd3 38. Qd5+ Qxd5 39. cxd5 Ra8 40. Rc2 Ra3 41. Rd2 Kf7 42. g4 Ra4 43. h3 Ra3 44. Kg2 c4 45. Rc2 Ra5 46. Rxc4 Rxa2+ 47. Kf3 Ra3+ 48. Ke4 Kf6 49. Rb4 Ra1 1/2-1/2

[Event "HUN-chT 0506"]
[Site "Hungary"]
[Date "2006.04.23"]
[Round "11"]
[White "Meszaros, Michal"]
[Black "Forintos, Gyozo Victor"]
[Result "1-0"]
[WhiteElo "2362"]
[BlackElo "2347"]
[PlyCount "107"]
[EventDate "2005.10.16"]
[EventType "team"]
[EventRounds "11"]
[EventCountry "HUN"]
[SourceTitle "EXT 2007"]
[Source "ChessBase"]
[SourceDate "2006.11.23"]
[SourceVersion "1"]
[SourceVersionDate "2006.11.23"]
[SourceQuality "1"]

1. e4 c5 2. Nf3 e6 3. d4 cxd4 4. Nxd4 a6 5. Bd3 Qb6 6. Nb3 Qc7 7. Qe2 Nc6 8. Be3 Nf6 9. f4 d6 10. N1d2 Nb4 11. 0-0 Be7 12. a3 Nc6 13. Nc4 Nd7 14. a4 d5 15. exd5 exd5 16. Ncd2 0-0 17. c3 Nf6 18. h3 Bd6 19. Qf3 Be6 20. Nd4 Nxd4 21. Bxd4 Bc5 22. Nb3 Bxd4+ 23. Nxd4 Rae8 24. Rfe1 Bd7 25. Bc2 Bc6 26. Rad1 Rxe1+ 27. Rxe1 Re8 28. Rxe8+ Bxe8 29. Qe3 Kf8 30. Nf5 g6 31. Nd4 Qe7 32. Qxe7+ Kxe7 33. Kf2 Nd7 34. a5 Kd6 35. b4 b6 36. Nb3 bxa5 37. Nxa5 Nb6 38. Ke3 Bb5 39. h4 Ba4 40. Bd3 Bb5 41. Nb7+ Kc7 42. Nc5 Kc6 43. Nxa6 Bxa6 44. Bxa6 Kd6 45. Kd4 Na8 46. c4 dxc4 47. Bxc4 f6 48. Bf7 Nc7 49. g4 Nb5+ 50. Kc4 Na3+ 51. Kd3 Nb5 52. g5 Ke7 53. Bd5 Nd6 54. Be4 1-0

[Event "HUN-chT 0506"]
[Site "Hungary"]
[Date "2006.02.12"]
[Round "7"]
[White "Forintos, Gyozo Victor"]
[Black "Butunoi, Alexandru Victor"]
[Result "1/2-1/2"]
[WhiteElo "2347"]
[BlackElo "2402"]
[PlyCount "109"]
[EventDate "2005.10.16"]
[EventType "team"]
[EventRounds "11"]
[EventCountry "HUN"]
[SourceTitle "EXT 2007"]
[Source "ChessBase"]
[SourceDate "2006.11.23"]
[SourceVersion "1"]
[SourceVersionDate "2006.11.23"]
[SourceQuality "1"]

1. d4 Nf6 2. c4 g6 3. Nc3 Bg7 4. e4 d6 5. Nge2 0-0 6. Ng3 c5 7. d5 a6 8. Be2 e6 9. 0-0 exd5 10. exd5 Nbd7 11. Bf4 Qb6 12. Qd2 Re8 13. h3 h5 14. Rfe1 h4 15. Nf1 Nh7 16. Rac1 Ne5 17. Be3 f5 18. f4 Nf7 19. Bf2 Bf6 20. Nh2 Bd7 21. Nf3 Qd8 22. Bd3 b5 23. Rxe8+ Bxe8 24. Qe1 Qa5 25. Bxh4 Bg7 26. Qg3 bxc4 27. Bxc4 Bb5 28. Bxb5 axb5 29. Qxg6 b4 30. Nd1 Qxa2 31. Qxf5 c4 32. Qc2 c3 33. Qe4 cxb2 34. Nxb2 Qxb2 35. Rc7 Rf8 36. Kh2 b3 37. Rb7 Qc3 38. Be1 Qc5 39. Rxb3 Nf6 40. Qb1 Nxd5 41. Bg3 Nc3 42. Qg6 Qc4 43. Ra3 Nb5 44. Re3 Nd4 45. Nh4 Qc2 46. f5 Ne5 47. Rxe5 dxe5 48. Bxe5 Rf7 49. Bxd4 Qc7+ 50. Kh1 Qf4 51. Bxg7 Rxg7 52. Qe8+ Kh7 53. Qh5+ Kg8 54. Qe8+ Kh7 55. Qh5+ 1/2-1/2

[Event "HUN-chT 0506"]
[Site "Hungary"]
[Date "2006.01.22"]
[Round "6"]
[White "Forintos, Gyozo Victor"]
[Black "Jakab, Attila"]
[Result "1/2-1/2"]
[WhiteElo "2347"]
[BlackElo "2412"]
[PlyCount "90"]
[EventDate "2005.10.16"]
[EventType "team"]
[EventRounds "11"]
[EventCountry "HUN"]
[SourceTitle "EXT 2007"]
[Source "ChessBase"]
[SourceDate "2006.11.23"]
[SourceVersion "1"]
[SourceVersionDate "2006.11.23"]
[SourceQuality "1"]

1. d4 e6 2. c4 Bb4+ 3. Nc3 Nf6 4. f3 Bxc3+ 5. bxc3 d5 6. cxd5 Nxd5 7. Qb3 c5 8. e4 Nc7 9. dxc5 0-0 10. Bf4 Nca6 11. Bd6 Re8 12. Bb5 Bd7 13. Ne2 Qc8 14. Bxa6 Nxa6 15. Qa3 e5 16. Rb1 Be6 17. 0-0 Bc4 18. Rfe1 Qc6 19. Ng3 g6 20. Nf1 Bxf1 21. Kxf1 Rac8 22. Red1 Nxc5 23. Bxc5 Qxc5 24. Qxc5 Rxc5 25. Rxb7 Rxc3 26. Rxa7 Rc2 27. Re1 Rb8 28. Re2 Rxe2 29. Kxe2 Rb2+ 30. Kf1 Kg7 31. h4 h5 32. Ra6 f5 33. exf5 gxf5 34. Ra5 Kf6 35. Kg1 Rb4 36. Ra6+ Kg7 37. Re6 Rb5 38. Kh2 Ra5 39. Kh3 Rxa2 40. Rxe5 Kf6 41. Rb5 Ra4 42. Rb6+ Kg7 43. Kg3 Rc4 44. Re6 Rb4 45. Kf2 Rxh4 1/2-1/2

[Event "HUN-chT 0506"]
[Site "Hungary"]
[Date "2005.10.16"]
[Round "1"]
[White "Papp, Gabor"]
[Black "Forintos, Gyozo Victor"]
[Result "0-1"]
[WhiteElo "2474"]
[BlackElo "2347"]
[PlyCount "66"]
[EventDate "2005.10.16"]
[EventType "team"]
[EventRounds "11"]
[EventCountry "HUN"]
[SourceTitle "EXT 2007"]
[Source "ChessBase"]
[SourceDate "2006.11.23"]
[SourceVersion "1"]
[SourceVersionDate "2006.11.23"]
[SourceQuality "1"]

1. e4 e5 2. Nf3 Nf6 3. d4 Nxe4 4. Bd3 d5 5. Nxe5 Nd7 6. Nxd7 Bxd7 7. 0-0 Bd6 8. c4 c6 9. cxd5 cxd5 10. Qh5 0-0 11. Qxd5 Bc6 12. Qh5 g6 13. Qh3 Ng5 14. Qg4 Ne6 15. Nc3 h5 16. Qh3 Nxd4 17. Bh6 Re8 18. Rae1 Qf6 19. Ne4 Bxe4 20. Bxe4 Bb4 21. Re3 Bd2 22. Bxb7 Bxe3 23. Bxe3 Rab8 24. Bd5 Ne2+ 25. Kh1 Rxb2 26. Bxa7 Nf4 27. Qd7 Qe7 28. Bc6 Qxd7 29. Bxd7 Re7 30. Bd4 Rd2 31. Be3 Rexd7 32. Bxf4 Rxf2 33. Kg1 Rxf1+ 0-1

[Event "HUN-chT 0304"]
[Site "Hungary"]
[Date "2004.01.25"]
[Round "6"]
[White "Nemeth, Miklos"]
[Black "Forintos, Gyozo Victor"]
[Result "1/2-1/2"]
[WhiteElo "2285"]
[BlackElo "2335"]
[PlyCount "51"]
[EventDate "2003.09.28"]
[EventType "team"]
[EventRounds "11"]
[EventCountry "HUN"]
[SourceTitle "EXT 2006"]
[Source "ChessBase"]
[SourceDate "2005.11.24"]
[SourceVersion "1"]
[SourceVersionDate "2005.11.24"]
[SourceQuality "1"]

1. e4 e6 2. d4 d5 3. Nd2 a6 4. Ngf3 c5 5. exd5 exd5 6. dxc5 Bxc5 7. Bd3 Qe7+ 8. Qe2 Nc6 9. Nb3 Ba7 10. Bd2 Bg4 11. 0-0 Qxe2 12. Bxe2 Nge7 13. Rfe1 0-0 14. Bc3 Bf5 15. Nfd4 Nxd4 16. Nxd4 Bxd4 17. Bxd4 Nc6 18. Bc5 Rfd8 19. c3 d4 20. cxd4 Nxd4 21. Bxd4 Rxd4 22. Bf3 Rd7 23. Rad1 Rc7 24. Rd6 Kf8 25. Rb6 Re8 26. Rxe8+ 1/2-1/2

[Event "HUN-chT 0102"]
[Site "Hungary"]
[Date "2002.01.27"]
[Round "6"]
[White "Kiss, Attila"]
[Black "Forintos, Gyozo Victor"]
[Result "1/2-1/2"]
[WhiteElo "2361"]
[BlackElo "2379"]
[PlyCount "26"]
[EventDate "2001.??.??"]
[EventType "team"]
[EventRounds "11"]
[EventCountry "HUN"]
[SourceTitle "EXT 2004"]
[Source "ChessBase"]
[SourceDate "2003.11.25"]
[SourceVersion "1"]
[SourceVersionDate "2003.11.25"]
[SourceQuality "1"]

1. d4 Nf6 2. Nf3 e6 3. g3 c5 4. Bg2 Nc6 5. 0-0 Qb6 6. dxc5 Bxc5 7. c4 Qa6 8. b3 d5 9. cxd5 Nxd5 10. Bb2 0-0 11. a3 Be7 12. Nc3 Nxc3 13. Bxc3 Rd8 1/2-1/2

[Event "AUT-chT2S 0102"]
[Site "Austria"]
[Date "2002.??.??"]
[Round "5"]
[White "Forintos, Gyozo Victor"]
[Black "Grosar, Aljosa"]
[Result "1/2-1/2"]
[WhiteElo "2379"]
[BlackElo "2442"]
[PlyCount "98"]
[EventDate "2001.11.10"]
[EventType "team"]
[EventRounds "11"]
[EventCountry "AUT"]
[SourceTitle "EXT 2003"]
[Source "ChessBase"]
[SourceDate "2002.11.25"]
[SourceVersion "1"]
[SourceVersionDate "2002.11.25"]
[SourceQuality "1"]

1. d4 d6 2. Nf3 Nf6 3. g3 Bg4 4. Bg2 c6 5. Nbd2 Nbd7 6. c3 Qc7 7. h3 Bh5 8. g4 Bg6 9. Nh4 d5 10. Nxg6 hxg6 11. Nf3 e6 12. Be3 Bd6 13. Qc2 Bf4 14. Bxf4 Qxf4 15. e3 Qc7 16. c4 Ne4 17. Nd2 Nxd2 18. cxd5 exd5 19. Qxd2 Nf6 20. 0-0-0 Qe7 21. Kb1 Ne4 22. Qc2 0-0-0 23. f3 Nd6 24. e4 Nc4 25. Qc3 Kb8 26. Rhe1 Qc7 27. Bf1 Nb6 28. e5 g5 29. Qc1 f6 30. exf6 gxf6 31. Re6 Rd6 32. Rde1 Rxe6 33. Rxe6 Rf8 34. Qe3 Nc8 35. Bd3 Qg3 36. Re8 Rxe8 37. Qxe8 Qxf3 38. Kc2 Qg2+ 39. Kc1 Qg1+ 40. Kc2 Qh2+ 41. Kc1 Qh1+ 42. Kc2 Qxh3 43. Bf5 Qh2+ 44. Kd1 Qc7 45. Qf8 a6 46. Qxf6 Nb6 47. Qxg5 Qh2 48. Qd2 Qg1+ 49. Ke2 Qg2+ 1/2-1/2

[Event "AUT-chT2S 0102"]
[Site "Austria"]
[Date "2001.10.06"]
[Round "1.5"]
[White "Forintos, Gyozo Victor"]
[Black "Ruck, Robert"]
[Result "1/2-1/2"]
[WhiteElo "2379"]
[BlackElo "2573"]
[PlyCount "70"]
[EventDate "2001.11.10"]
[EventType "team"]
[EventRounds "11"]
[EventCountry "AUT"]
[SourceTitle "EXT 2003"]
[Source "ChessBase"]
[SourceDate "2002.11.25"]
[SourceVersion "1"]
[SourceVersionDate "2002.11.25"]
[SourceQuality "1"]

1. d4 Nf6 2. c4 g6 3. Nf3 Bg7 4. Nc3 d5 5. Qb3 dxc4 6. Qxc4 0-0 7. e4 a6 8. e5 b5 9. Qb3 Nfd7 10. e6 fxe6 11. Be3 Nf6 12. a4 bxa4 13. Rxa4 Nd5 14. Bc4 c6 15. Ra3 Nd7 16. Nxd5 cxd5 17. Bxd5 Nc5 18. dxc5 Qxd5 19. 0-0 Bb7 20. Rd1 Qxb3 21. Rxb3 Bd5 22. Rb6 a5 23. Ra1 Rfb8 24. Rxa5 Bxb2 25. h4 Bc3 26. Ra7 Rxa7 27. Rxb8+ Kg7 28. Rb1 Bxf3 29. gxf3 e5 30. Kf1 Bd4 31. Ke2 Ra3 32. Rc1 Kf7 33. c6 Ra8 34. Kd3 Ke6 35. Ke4 Rc8 1/2-1/2

[Event "Cvitanovic Memorial 06th"]
[Site "Split"]
[Date "2001.05.06"]
[Round "9"]
[White "Bukal, Vladimir Jr"]
[Black "Forintos, Gyozo Victor"]
[Result "1/2-1/2"]
[WhiteElo "2392"]
[BlackElo "2371"]
[PlyCount "24"]
[EventDate "2001.04.28"]
[EventType "tourn"]
[EventRounds "9"]
[EventCountry "CRO"]
[EventCategory "7"]
[SourceTitle "CBM 082 Extra"]
[Source "ChessBase"]
[SourceDate "2001.07.03"]
[SourceVersion "1"]
[SourceVersionDate "2001.07.03"]
[SourceQuality "1"]

1. d4 Nf6 2. c4 e6 3. Nf3 Bb4+ 4. Nbd2 b6 5. g3 Ba6 6. Qb3 Qe7 7. Bg2 Bb7 8. 0-0 0-0 9. Qc2 Bxd2 10. Qxd2 Re8 11. b3 d6 12. Ba3 Nbd7 1/2-1/2

[Event "HUN-chT 0001"]
[Site "Hungary"]
[Date "2001.04.22"]
[Round "11"]
[White "Fogarasi, Tibor"]
[Black "Forintos, Gyozo Victor"]
[Result "1/2-1/2"]
[WhiteElo "2456"]
[BlackElo "2360"]
[PlyCount "37"]
[EventDate "2000.11.26"]
[EventType "team"]
[EventRounds "11"]
[EventCountry "HUN"]
[SourceTitle "EXT 2009"]
[Source "ChessBase"]
[SourceDate "2008.11.26"]
[SourceVersion "1"]
[SourceVersionDate "2008.11.26"]
[SourceQuality "1"]
[WhiteTeam "Statisztika"]
[BlackTeam "Hajduboszormeny"]
[WhiteTeamCountry "HUN"]
[BlackTeamCountry "HUN"]

1. e4 e5 2. Nf3 Nf6 3. Nxe5 d6 4. Nf3 Nxe4 5. c4 Be7 6. Be2 0-0 7. 0-0 c6 8. d4 Bf5 9. Be3 Bg6 10. Nbd2 Nxd2 11. Qxd2 Nd7 12. Bd3 Bxd3 13. Qxd3 Re8 14. Rfe1 Qa5 15. a3 Qh5 16. Re2 a5 17. Rae1 Bf8 18. b3 Qg6 19. Qxg6 1/2-1/2

[Event "Neckar op-A 5th"]
[Site "Deizisau"]
[Date "2001.04.13"]
[Round "2"]
[White "Forintos, Gyozo Victor"]
[Black "Braun, Arik"]
[Result "0-1"]
[WhiteElo "2371"]
[BlackElo "2156"]
[PlyCount "110"]
[EventDate "2001.04.12"]
[EventType "swiss"]
[EventRounds "9"]
[EventCountry "GER"]
[SourceTitle "CBM 081 Extra"]
[Source "ChessBase"]
[SourceDate "2001.05.06"]
[SourceVersion "1"]
[SourceVersionDate "2001.05.06"]
[SourceQuality "1"]

1. Nf3 Nf6 2. g3 d5 3. Bg2 e6 4. c4 Be7 5. 0-0 0-0 6. b3 d4 7. e3 c5 8. exd4 cxd4 9. d3 Nc6 10. Re1 Bb4 11. Re2 Bd6 12. Ba3 e5 13. h3 Re8 14. Ne1 Bf5 15. Bxd6 Qxd6 16. Nd2 h5 17. a3 a5 18. Ne4 Bxe4 19. dxe4 Nd7 20. h4 Nc5 21. Nd3 Nxd3 22. Qxd3 Nb8 23. Qd2 Nd7 24. Qb2 Nc5 25. Rb1 Red8 26. Rd2 Qe6 27. Qc2 g6 28. Kh2 Kg7 29. Bh3 Qc6 30. f3 b6 31. Bf1 Rdc8 32. Rb2 Rc7 33. Rf2 Nb7 34. Bd3 Nd6 35. Qe2 Rac8 36. Rc2 Qd7 37. f4 Qe7 38. Qf1 Ne8 39. f5 Nf6 40. Kg1 Ng4 41. Rf3 Qxa3 42. Qb1 Qb4 43. Ra2 Ne3 44. Ra4 Qd2 45. Ra2 Qd1+ 46. Qxd1 Nxd1 47. fxg6 fxg6 48. Bf1 Rf8 49. Rxf8 Kxf8 50. Rd2 Ne3 51. Be2 Ke7 52. Ra2 Kd6 53. Ra4 Kc5 54. Kf2 Rf7+ 55. Ke1 Rf8 0-1

[Event "AUT-chT2S 0001"]
[Site "Austria"]
[Date "2001.02.24"]
[Round "7"]
[White "Gabriel, Christian"]
[Black "Forintos, Gyozo Victor"]
[Result "1-0"]
[WhiteElo "2544"]
[BlackElo "2371"]
[PlyCount "81"]
[EventDate "2000.??.??"]
[EventType "team"]
[EventRounds "11"]
[EventCountry "AUT"]
[SourceTitle "EXT 2002"]
[Source "ChessBase"]
[SourceDate "2001.11.25"]
[SourceVersion "1"]
[SourceVersionDate "2001.11.25"]
[SourceQuality "1"]

1. d4 Nf6 2. Bg5 d5 3. Bxf6 exf6 4. e3 Be6 5. Bd3 Nd7 6. Ne2 Bd6 7. 0-0 f5 8. Nd2 c6 9. c4 Qb8 10. h3 0-0 11. Qc2 g6 12. c5 Bc7 13. b4 Nf6 14. Rab1 f4 15. b5 cxb5 16. Rxb5 fxe3 17. fxe3 Nh5 18. e4 Bh2+ 19. Kh1 Ng3+ 20. Nxg3 Bxg3 21. c6 b6 22. exd5 a6 23. Rbb1 Bxd5 24. Be4 Qd6 25. Rxb6 Bxe4 26. Qxe4 Rad8 27. Nf3 Qa3 28. Qc2 Bc7 29. Rb7 Qd6 30. Qc4 Kg7 31. Qxa6 Rfe8 32. Qc4 Re7 33. Qb4 Qf6 34. Kg1 Rd5 35. Ne5 Qe6 36. Qxe7 Qxe7 37. Rxf7+ Qxf7 38. Nxf7 Bg3 39. Ne5+ Kh6 40. c7 Rxd4 41. Rb1 1-0